Plymouth County, MA - Map Quiz - Statistics

General Stats
  • This quiz has been taken 155 times
  • The average score is 14 of 27
Answers on the Map
Answers color-coded by a green-red scale on the quiz's map according to % correct below.
 
Answer Stats
Answer % Correct
Hull
84%
Plymouth
77%
Hingham
73%
Brockton
64%
Scituate
59%
Abington
57%
East Bridgewater
57%
Marion
57%
Middleborough
57%
Wareham
57%
Carver
55%
Mattapoisett
55%
Bridgewater
52%
Duxbury
52%
West Bridgewater
52%
Marshfield
50%
Rochester
50%
Kingston
48%
Lakeville
48%
Pembroke
48%
Hanover
45%
Whitman
45%
Rockland
43%
Norwell
41%
Plympton
41%
Hanson
39%
Halifax
32%
No matching quizzes found
Score Distribution
Percent of People with Each Score
Percentile by Number Answered
Your Score History
You have not taken this quiz